MDQL
is popping MORE tags! Check the
thread
!
Quizzes
Events
Quiz Creation
Community
Videos
Private Events
Remove Ads
Sign In
Join for FREE
Feedback
Dark Mode
Quiz Categories
Sports
Geography
Music
Movies
Television
Just For Fun
Miscellaneous
History
Literature
Language
Science
Gaming
Entertainment
Religion
Holiday
For Kids
Quiz Lab
Recent
Popular Today
Quiz Kudos Today
Editor Picks
Curator Picks
Quizzes by...
Day
Popularity
Type
Ratings
Length
Year
Community
Subscriptions
Recent Discussions
Orange Saloon
Badges
Playlists
Quests
Create
Leaderboards
Showdown
Live 5
Trivia Bingo
Activity
Puzzle Library
Sporcle Events
Private Events
Virtual Trivia
Globe League
Become a Host
Pub Owners
SporcleCon
Opinionation
Our Games
Videos
Blog
Mobile Apps
Partnerships
Remove Ads and Go Orange
Feedback
Television
TV Characters
TV Show
Sitcom
Network
Friends
Reality Shows
Cast
South Park
Star Trek
The Simpsons
Doctor Who
Television
TV Characters
TV Show
Sitcom
Network
Friends
Reality Shows
Cast
South Park
Star Trek
The Simpsons
Doctor Who
Random Quiz
Search Sporcle
×
Quiz Lab
Quiz Lab
Television
Network
Type in answers that appear in a list
Type in answers that appear in a list
Classic
Best Score? Go Orange.
2011-2012 Network Television Shows Stats
Can you name the 2011-2012 Network Television Shows?
By
bestein
15m
133 Questions
173 Plays
173 Plays
173 Plays
Comments
Comments
Give Quiz Kudos
Give Quiz Kudos
-
- Ratings
hide this ad
Replay
Link that replays current quiz
Next Quiz
Link to next quiz in quiz playlist
You Got
0%
They Got
Avg Score
39%
Avg Friend Score
Upgrade to see
Score Distribution
Jump to the score distribution portion of the page
Score
0/133
Timer
15:00
0
Plays Today
Network
Series
% Correct
FOX
American Idol
83.8%
CBS
CSI: Crime Scene Investigation
81.5%
NBC
The Office
81.5%
NBC
Parks and Recreation
79.2%
ABC
Modern Family
77.5%
CBS
Two and a Half Men
76.3%
CBS
The Big Bang Theory
75.1%
CBS
How I Met Your Mother
75.1%
CBS
NCIS
75.1%
NBC
30 Rock
75.1%
CBS
CSI: Miami
72.3%
FOX
New Girl
72.3%
CBS
2 Broke Girls
69.9%
ABC
Grey's Anatomy
69.4%
FOX
The Simpsons
68.8%
The CW
Gossip Girl
68.2%
NBC
The Voice
68.2%
CBS
CSI: NY
67.6%
FOX
Family Guy
67.1%
FOX
House
66.5%
FOX
Glee
65.9%
The CW
The Vampire Diaries
65.3%
NBC
Community
65.3%
ABC
Dancing with the Stars
63.6%
ABC
Desperate Housewives
60.7%
CBS
Survivor
60.7%
FOX
The X Factor
59.5%
The CW
Supernatural
58.4%
FOX
American Dad!
57.8%
ABC
Revenge
57.2%
NBC
Law & Order: Special Victim's Unit
57.2%
NBC
Whitney
57.2%
FOX
Fringe
56.6%
ABC
Private Practice
56.1%
CBS
NCIS: Los Angeles
55.5%
The CW
90210
55.5%
The CW
One Tree Hill
55.5%
ABC
Once Upon a Time
54.9%
FOX
The Cleveland Show
54.3%
CBS
The Amazing Race
53.2%
ABC
Happy Endings
52.6%
ABC
The Middle
52.6%
CBS
Mike & Molly
52%
NBC
Up All Night
51.2%
The CW
Ringer
50.3%
Network
Series
% Correct
NBC
Smash
49.1%
ABC
Cougar Town
48.6%
The CW
America's Next Top Model
48.6%
ABC
Pan Am
48%
FOX
Bones
48%
NBC
Parenthood
48%
ABC
Castle
46.8%
CBS
The Mentalist
46.8%
FOX
Raising Hope
46.8%
ABC
Suburgatory
46.2%
CBS
Hawaii Five-O
45.7%
NBC
Grimm
45.1%
CBS
The Good Wife
44.5%
CBS
60 Minutes
42.8%
The CW
Hart of Dixie
42.8%
CBS
Person of Interest
42.2%
FOX
Alcatraz
42.2%
NBC
Chuck
42.2%
ABC
The Bachelor
41.6%
NBC
The Playboy Club
41.6%
ABC
Last Man Standing
41%
CBS
Criminal Minds
41%
CBS
Rules of Engagement
39.9%
FOX
Bob's Burgers
39.9%
NBC
The Biggest Loser
39.9%
FOX
Napoleon Dynamite
39.3%
The CW
The Secret Circle
38.7%
NBC
Awake
37%
CBS
Rob
36.4%
The CW
Nikita
36.4%
CBS
Blue Bloods
35.8%
FOX
Terra Nova
34.7%
NBC
Are You There, Chelsea?
32.9%
ABC
The River
31.8%
ABC
Work It
30.6%
ABC
Extreme Makeover: Home Edition
28.9%
ABC
20 20
28.3%
ABC
GCB
28.3%
CBS
Unforgettable
28.3%
NBC
The Apprentice
27.7%
CBS
Undercover Boss
27.2%
ABC
Man Up
26.6%
ABC
Wipeout
26.6%
FOX
Allen Gregory
26%
FOX
Touch
26%
Network
Series
% Correct
NBC
Sunday Night Football
26%
ABC
Charlie's Angels
25.4%
NBC
The Firm
25.4%
NBC
Harry's Law
25.4%
CBS
A Gifted Man
24.9%
ABC
Shark Tank
23.7%
FOX
The Finder
23.1%
NBC
Prime Suspect
21.4%
ABC
Saturday Night Football
20.2%
NBC
The Sing-Off
20.2%
NBC
Dateline NBC
19.7%
ABC
Body of Proof
19.1%
FOX
I Hate My Teenage Daughter
19.1%
NBC
Rock Center with Brian Williams
19.1%
ABC
America's Funniest Home Videos
18.5%
The CW
H8R
18.5%
ABC
Don't Trust the B- in Apartment 23
17.9%
FOX
Kitchen Nightmares
17.9%
FOX
Breaking In
16.8%
CBS
48 Hours
15.6%
CBS
How to Be a Gentleman
15.6%
FOX
COPS
15%
ABC
Primetime
14.5%
ABC
Scandal
13.9%
NBC
Free Agents
13.9%
NBC
Football Night in America
12.7%
NBC
Who Do You Think You Are?
12.7%
ABC
Missing
8.7%
The CW
Remodeled
8.7%
NBC
Bent
8.7%
CBS
NYC 22
6.9%
FOX
Mobbed
5.8%
NBC
Fashion Star
5.8%
ABC
Secret Millionaire
5.2%
ABC
You Deserve It
5.2%
ABC
Wife Swap
4.6%
NBC
Betty White's Off Their Rockers
4.6%
NBC
Best Friends Forever
4.6%
FOX
Q' Viva! The Chosen
4%
NBC
Who's Still Standing?
4%
The CW
Oh Sit!
2.9%
FOX
Hotel Hell
2.3%
The CW
The Frame
1.7%
Quiz Playlist
Details
Report
Send in Message
Add To Playlist
Classic:
Type in answers that appear in a list
Last Updated: Feb 16, 2017
Quiz Scoreboard
CHALLENGE
Sign Up to Join the Scoreboard
Show All
Scores
Hide
Comments
May contain spoilers
Recently Published
Two Season TV Shows II
by 123Four
Television
10m
Image Sorting: Flags VI
by Barbecue
Geography
2m
Find the 'City' Movie
by crazypaving
Movies
60s
More to Explore
Quiz From the Vault
Featured Blog Post
14 Easter Pick-up Lines to Find Eggs With
hide this ad
You Might Also Like...
Tags
Network Quiz
Show Quiz
State Quiz
Today's Top Quizzes in Television
Browse Television
hide this ad
Today's Top Quizzes in Network
Browse Network
Top Contributed Quizzes in Television
1
Survivor Journey Challenge
2
Adjectives in 00s TV Shows
3
Brooklyn Nine Nine Logic Puzzle (How-To-Play)
4
Even More Two Season TV Shows
5
Total Drama Characters
6
Survivor Logic Puzzle: Heroes vs. Villains
7
Adjectives in 10s TV Shows
8
Survivor Heroes vs. Villains Logic Puzzle
9
Phoebe Buffay Quotes
10
Survivor Seasons
Explore More
Trending Topics
Crossword
Kpop
Marvel
Harry Potter
Disney
NBA
Anime
Soccer
Country
NFL
Pokémon
The Office
Puzzle
WWE
Song
hide this ad
More By:
bestein
Quiz
Plays
Rating
Category
Featured
Created
VH1's 100 Songs (2000s)
189,407
4.41
Music
Oct 4, 2011
Glee Songs - Season 3
9,203
4.08
Television
Oct 13, 2011
Nicki Minaj - Monster Lyrics
4,582
3.18
Music
Mar 3, 2011
Glee Songs (Season 4)
4,571
3.50
Television
Dec 19, 2012
Glee Solos (Season 4)
3,915
3.33
Television
Nov 21, 2012
Go to Creator's Profile
Score Distribution
Quiz Creator Spotlight
bestein
Follow
Send a Message
Quizzes Created
-
Created Quiz Play Count
-
More By This Creator
Popular Quizzes Today
1
Find the US States - No Outlines Minefield
2
Colored Red Africa Blitz
3
Find the 'City' Movie
4
5x2 Blitz: Bands
5
The Countries of the World
6
Find the Countries of Europe - No Outlines Minefield
7
Find the US States
8
US States
More Television Quizzes
👹2nd Who Am I? TV Edition👮 ❤️
Editor's Pick
Trending Quizzes
Colored Red Europe Blitz I
Colored Red Africa Blitz II
Colored Red Europe Blitz II
Colored Red Africa Blitz III
Even More Two Season TV Shows
Recently Updated
March Madness Men's Triple Doubles
pecheneg
How Do You Spell That?
pecheneg
Godzilla Movies
pecheneg
Grab Bag: 4-10 Letters
pecheneg
2024 March Madness Bracket
pecheneg
Famous TV Couples
Peacemaker
Champions League XIs: Real Madrid
pecheneg
Largest US Cities 1790-2010
pecheneg
Rides in Walt Disney World
pecheneg
Most Oscar Losses (Acting)
pecheneg
Trending Topics
Disney
Kpop
Crossword
Harry Potter
Marvel
Anime
NBA
WWE
Puzzle
Country
The Office
Song
NFL
Soccer
Pokémon
Your Account Isn't Verified!
In order to create a playlist on Sporcle, you need to verify the email address you used during registration. Go to your
Sporcle Settings
to finish the process.
Report this User
Report this user for behavior that violates our
Community Guidelines
.
Details:
Send Report
Go to the Sporcle.com Mobile Site →
Comments